| 000 | 00583nam a2200241 a 4500 | ||
|---|---|---|---|
| 001 | nice12345678 | ||
| 003 | IN_TiNIC | ||
| 005 | 20260116014733.0 | ||
| 008 | 050524s1969 dela grp 000 0 eng | ||
| 020 |
_a _c195 |
||
| 082 | 0 | 0 |
_a954.92 _bBAN |
| 100 | _aBanerjee, D N | ||
| 245 |
_aEast Pakistan _b Case Study in Muslim Politics |
||
| 260 |
_aDelhi _bVikas Pub _c1969 |
||
| 300 | _a204p | ||
| 500 | _aincludes index and biblioraphy | ||
| 505 | 2 | _aIndex | |
| 650 | _aBangladesh-History | ||
| 700 | 1 | _aBanerjee, D N | |
| 902 | _bSRS | ||
| 942 | _cBK | ||
| 999 |
_c16719 _d16719 |
||